Normal view
MARC view
Entry Personal Name
001 - CONTROL NUMBER
- control field: 21400
003 - CONTROL NUMBER IDENTIFIER
- control field: OSt
005 - DATE AND TIME OF LATEST TRANSACTION
- control field: 20220720144952.0
008 - FIXED-LENGTH DATA ELEMENTS
- fixed length control field: 220720|| aca||aabn | a|a d
040 ## - CATALOGING SOURCE
- Original cataloging agency: OSt
- Transcribing agency: OSt
100 ## - HEADING--PERSONAL NAME
- Personal name: Horikoshi, Kohei
670 ## - SOURCE DATA FOUND
- Source citation: Work cat.: (OSt): Yoshi, Anri 21396, My Hero Academia: School briefs:, 2021.